000 00903nam a22002297a 4500
999 _c9541
_d9541
008 180706b ||||| |||| 00| 0 eng d
020 _a978-1-305-96063-3
082 _22018
_aDC 372.19
_bB386
100 _928333
_aBeaver, Nancy
245 _aEarly education curriculum :
_ba child's connection to the world /
_cNancy Beaver, Susan Wyatt, Hilda Jackman
250 _aSeventh Edition
260 _aAustralia:
_bCengage Learning,
_c©2018.
300 _axxi,424 pages:
_bcolor illustrations;
_c27 cm.
500 _aIncludes bibliographical references and index.
650 0 _928334
_aEarly childhood education -- Curricula -- United States.
650 0 _928335
_aCurriculum planning -- United States.
650 0 _928336
_aInterdisciplinary approach in education -- United States.
700 _928337
_aWyatt, Susan
700 _928338
_aJackman, Hilda
365 _b7,918.20
_cPhp.
942 _2ddc
_cDC